[Event "Titled Tuesday intern op 11th Jul Late"]
[Site "Chess.com INT"]
[Date "2023.07.11"]
[Round "6"]
[White "Mijovic, A."]
[Black "Mendoza, Rodrigo"]
[Result "1-0"]
[WhiteElo "2074"]
[BlackElo "2165"]
[PlyCount "69"]
[EventDate "2023.07.11"]
[EventType "swiss (blitz)"]
[EventRounds "11"]
[EventCountry "USA"]
[SourceTitle "EXT 2024"]
[Source "ChessBase"]
[SourceDate "2023.10.10"]
[SourceVersion "1"]
[SourceVersionDate "2023.10.10"]
[SourceQuality "1"]

1. e4 c6 2. d4 d5 3. Nc3 dxe4 4. Nxe4 Bf5 5. Ng3 Bg6 6. Nf3 Nd7 7. Bd3 e6 8. 0-0 Ngf6 9. Bg5 Bd6 10. Ne4 Be7 11. Re1 Nxe4 12. Bxe7 Nxf2 13. Bxd8 Nxd1 14. Bc7 Nxb2 15. Bxg6 hxg6 16. Rab1 Nc4 17. Rxb7 0-0 18. Ne5 Ndxe5 19. dxe5 a5 20. Re4 Na3 21. Bd6 Nxc2 22. Bxf8 Rxf8 23. Rc4 Nb4 24. a3 Nd3 25. Rxc6 Nxe5 26. Rc5 Ng4 27. h3 Ne3 28. Rxa5 Rd8 29. Raa7 Rd2 30. Rxf7 Rd1+ 31. Kh2 Nf1+ 32. Kg1 Ne3+ 33. Kf2 Nf5 34. g4 Rd2+ 35. Ke1 1-0

[Event "Solta op 6th"]
[Site "Grohote"]
[Date "2023.07.03"]
[Round "7"]
[White "Mijovic, A."]
[Black "Biti, Ozren"]
[Result "1/2-1/2"]
[WhiteElo "2074"]
[BlackElo "2298"]
[PlyCount "98"]
[EventDate "2023.06.27"]
[EventType "swiss"]
[EventRounds "9"]
[EventCountry "CRO"]
[SourceTitle "EXT 2024"]
[Source "ChessBase"]
[SourceDate "2023.10.10"]
[SourceVersion "1"]
[SourceVersionDate "2023.10.10"]
[SourceQuality "1"]

1. Nc3 d6 2. d4 Nf6 3. Bg5 Nbd7 4. Qd2 c6 5. 0-0-0 b5 6. f3 d5 7. e4 b4 8. Nb1 dxe4 9. Qf4 h6 10. Bxf6 Nxf6 11. Bc4 g5 12. Qe3 h5 13. Nd2 g4 14. Nxe4 Nxe4 15. Qxe4 Qd6 16. h3 g3 17. Ne2 Bd7 18. Kb1 h4 19. Rhe1 Rh6 20. Nf4 Bg7 21. Nd3 f5 22. Qe2 Bxd4 23. Nxb4 Qxb4 24. Rxd4 Qc5 25. Qd2 0-0-0 26. Ba6+ Kc7 27. Rxd7+ Rxd7 28. Qxh6 Qa5 29. Qf4+ Kb6 30. b4 Qxa6 31. Qxf5 Rd5 32. Qe4 Qa3 33. Qxe7 Qc3 34. Qe3+ Qxe3 35. Rxe3 Rd2 36. Re4 Rxg2 37. Rxh4 Rf2 38. Rg4 g2 39. Kb2 Rxf3 40. Rxg2 Rxh3 41. Rg5 Rf3 42. c3 Rh3 43. Kb3 Rf3 44. a4 Rh3 45. Rg6 a6 46. a5+ Kb7 47. Rg7+ Kb8 48. Rg4 Rh5 49. Kc4 Rb5 1/2-1/2

[Event "Titled Tuesday intern op 20th Jun Early"]
[Site "Chess.com INT"]
[Date "2023.06.20"]
[Round "4"]
[White "Mijovic, A."]
[Black "Rosh, Jain"]
[Result "0-1"]
[WhiteElo "2074"]
[BlackElo "2248"]
[PlyCount "60"]
[EventDate "2023.06.20"]
[EventType "swiss (blitz)"]
[EventRounds "11"]
[EventCountry "USA"]
[SourceTitle "EXT 2024"]
[Source "ChessBase"]
[SourceDate "2023.10.10"]
[SourceVersion "1"]
[SourceVersionDate "2023.10.10"]
[SourceQuality "1"]

1. e4 c5 2. d4 cxd4 3. Nf3 d6 4. c3 d3 5. Bxd3 Nf6 6. 0-0 Nc6 7. Qe2 g6 8. Bg5 Bg7 9. Nbd2 0-0 10. Nb3 Bd7 11. Qd2 Re8 12. Bh6 Bh8 13. Rfe1 Ng4 14. Bf4 Bg7 15. Bc4 Rc8 16. Ng5 Nce5 17. Bd5 h6 18. Bxb7 hxg5 19. Bxc8 Qxc8 20. Bxg5 Nc4 21. Qe2 Nge5 22. Nd2 Nxb2 23. Reb1 Ned3 24. Nf3 Qxc3 25. Bd2 Qc5 26. Rxb2 Nxb2 27. Be3 Qc4 28. Qxc4 Nxc4 29. Bxa7 Bxa1 30. Ne1 Ra8 0-1

[Event "Titled Tuesday intern op 20th Jun Early"]
[Site "Chess.com INT"]
[Date "2023.06.20"]
[Round "3"]
[White "Vaglio Munoz, Jaime"]
[Black "Mijovic, A."]
[Result "1-0"]
[WhiteElo "2174"]
[BlackElo "2074"]
[PlyCount "115"]
[EventDate "2023.06.20"]
[EventType "swiss (blitz)"]
[EventRounds "11"]
[EventCountry "USA"]
[SourceTitle "EXT 2024"]
[Source "ChessBase"]
[SourceDate "2023.10.10"]
[SourceVersion "1"]
[SourceVersionDate "2023.10.10"]
[SourceQuality "1"]

1. Nf3 d5 2. Ng1 e6 3. Nf3 Nf6 4. b3 Bd6 5. Bb2 0-0 6. c4 c5 7. cxd5 exd5 8. d3 Nc6 9. g3 h6 10. Bg2 Be6 11. 0-0 Qd7 12. Nc3 Bh3 13. Re1 Bxg2 14. Kxg2 d4 15. Nb5 a6 16. Nxd6 Qxd6 17. Rc1 b6 18. Nd2 Rfe8 19. Nc4 Qc7 20. a4 Ne5 21. Nd2 Qc6+ 22. Kg1 Qe6 23. f3 Qh3 24. Nf1 Re7 25. a5 Rae8 26. axb6 Nxf3+ 27. exf3 Rxe1 28. Qxe1 Rxe1 29. Rxe1 Qc8 30. Re7 Nd5 31. b7 Qb8 32. Rd7 Nb4 33. Bc1 Nxd3 34. Bd2 Ne5 35. Re7 Kf8 36. Rxe5 Qxb7 37. Rxc5 Qxb3 38. Rc8+ Ke7 39. Bf4 Qxf3 40. Nd2 Qd1+ 41. Kf2 g5 42. Rc7+ Kd8 43. Nf3 gxf4 44. Rxf7 Qc2+ 45. Kf1 Qb1+ 46. Ne1 d3 47. Rxf4 d2 48. Rd4+ Ke7 49. Rxd2 a5 50. Re2+ Kd6 51. Kf2 a4 52. Nf3 a3 53. Nd4 Qb6 54. Rd2 Ke5 55. Ke3 Qxd4+ 56. Rxd4 a2 57. Ra4 a1Q 58. Rxa1 1-0